The literature of travel in the Japanese rediscovery of China, 1862-1945 /

Bibliographic Details
Main Author: Fogel, Joshua A., 1950-
Format: Book
Language:English
Published: Stanford, Calif. : Stanford University Press, [1996]
Subjects:

MARC

Tag First Indicator Second Indicator Subfields
LEADER 00000cam a2200000 a 4500
001 in00001323021
005 20151005074102.0
008 950523s1996 cauab b 001 0 eng
010 |a  95000448  
020 |a 0804725675 (alk. paper) 
035 |a (OCoLC)32626862 
035 |9 AHC9165AM 
040 |a DLC  |c DLC  |d TXA  |d UtOrBLW 
043 |a a-cc---  |a a-ja--- 
049 |a TXAM 
050 0 0 |a DS709  |b .F64 1996 
082 0 0 |a 915.104/35  |2 20 
100 1 |a Fogel, Joshua A.,  |d 1950- 
245 1 4 |a The literature of travel in the Japanese rediscovery of China, 1862-1945 /  |c Joshua A. Fogel. 
264 1 |a Stanford, Calif. :  |b Stanford University Press,  |c [1996] 
264 4 |c ©1996 
300 |a xvii, 417 pages :  |b illustrations, maps ;  |c 24 cm. 
336 |a text  |b txt  |2 rdacontent 
337 |a unmediated  |b n  |2 rdamedia 
338 |a volume  |b nc  |2 rdacarrier 
504 |a Includes bibliographical references (pages [341]-389) and index. 
651 0 |a China  |x Description and travel. 
650 0 |a Travelers' writings, Japanese  |x History and criticism. 
650 0 |a Travelers  |z China  |x History. 
999 |a MARS 
999 f f |s 1e5cea17-e48f-35c9-aff1-7d0fdbd9e4a5  |i 8efa9870-8b4d-3af9-8858-1d6bb1c89ded  |t 0 
952 f f |p ric  |a Texas A&M University  |b Rellis Campus  |c Joint Library Facility  |d Remote Storage  |t 0  |e DS709 .F64 1996  |h Library of Congress classification  |i unmediated -- volume  |m A14820443291 
998 f f |a DS709 .F64 1996  |t 0  |l Remote Storage